000 00506nam a22001697a 4500
005 20251108172514.0
008 250721s9999 xx 000 0 ara d
082 1 4 _a345مجا
100 1 _aمجاهد، أسامة أبوالحسن
245 1 0 _aخصوصية التعاقد عبر الإنترنت /
264 1 _aالقاهرة :
_bدار النهضة العربية،
300 _a148ص
650 1 7 _aالقانون المدني
650 1 7 _aالتعاقد
942 _2ddc
_cBK
999 _c81077
_d81077